<?xml version="1.0" encoding="UTF-8"?>
<record
    xmlns:xsi="http://www.w3.org/2001/XMLSchema-instance"
    xsi:schemaLocation="http://www.loc.gov/MARC21/slim http://www.loc.gov/standards/marcxml/schema/MARC21slim.xsd"
    xmlns="http://www.loc.gov/MARC21/slim">

  <leader>01193cam a2200301 i 4500</leader>
  <controlfield tag="001">3638127</controlfield>
  <controlfield tag="003">AUA.1</controlfield>
  <controlfield tag="005">20160111113333.0</controlfield>
  <controlfield tag="008">750224s1974    enk      b    001 0 eng  </controlfield>
  <datafield tag="010" ind1=" " ind2=" ">
    <subfield code="a">   75304650 </subfield>
  </datafield>
  <datafield tag="015" ind1=" " ind2=" ">
    <subfield code="a">GB74-29271</subfield>
  </datafield>
  <datafield tag="040" ind1=" " ind2=" ">
    <subfield code="a">DLC</subfield>
    <subfield code="c">DLC</subfield>
    <subfield code="d">DLC</subfield>
  </datafield>
  <datafield tag="041" ind1="1" ind2=" ">
    <subfield code="a">eng</subfield>
    <subfield code="h">dut</subfield>
  </datafield>
  <datafield tag="050" ind1="0" ind2="0">
    <subfield code="a">BR 85</subfield>
    <subfield code="b">.S274313 1974b</subfield>
  </datafield>
  <datafield tag="082" ind1="0" ind2="0">
    <subfield code="a">201/.1</subfield>
  </datafield>
  <datafield tag="100" ind1="1" ind2=" ">
    <subfield code="a">Schillebeeckx, Edward,</subfield>
    <subfield code="d">1914-2009.</subfield>
    <subfield code="9">6250</subfield>
  </datafield>
  <datafield tag="240" ind1="1" ind2="0">
    <subfield code="a">Geloofsverstaan.</subfield>
    <subfield code="l">English</subfield>
  </datafield>
  <datafield tag="245" ind1="1" ind2="4">
    <subfield code="a">The understanding of faith :</subfield>
    <subfield code="b">interpretation and criticism /</subfield>
    <subfield code="c">Edward Schillebeeckx ; translated [from the Dutch] by N.D. Smith.</subfield>
  </datafield>
  <datafield tag="260" ind1=" " ind2=" ">
    <subfield code="a">London :</subfield>
    <subfield code="b">Sheed &amp; Ward,</subfield>
    <subfield code="c">1974.</subfield>
  </datafield>
  <datafield tag="300" ind1=" " ind2=" ">
    <subfield code="a">xiii, 170 p. ;</subfield>
    <subfield code="c">23 cm.</subfield>
  </datafield>
  <datafield tag="500" ind1=" " ind2=" ">
    <subfield code="a">Translation of Geloofsverstaan.</subfield>
  </datafield>
  <datafield tag="504" ind1=" " ind2=" ">
    <subfield code="a">Includes bibliographical references and index.</subfield>
  </datafield>
  <datafield tag="650" ind1=" " ind2="0">
    <subfield code="a">Theology.</subfield>
    <subfield code="9">6251</subfield>
  </datafield>
  <datafield tag="650" ind1=" " ind2="0">
    <subfield code="a">Hermeneutics</subfield>
    <subfield code="x">Religious aspects</subfield>
    <subfield code="x">Christianity.</subfield>
    <subfield code="9">6252</subfield>
  </datafield>
  <datafield tag="906" ind1=" " ind2=" ">
    <subfield code="a">7</subfield>
    <subfield code="b">cbc</subfield>
    <subfield code="c">orignew</subfield>
    <subfield code="d">3</subfield>
    <subfield code="e">ncip</subfield>
    <subfield code="f">19</subfield>
    <subfield code="g">y-gencatlg</subfield>
  </datafield>
  <datafield tag="942" ind1=" " ind2=" ">
    <subfield code="2">lcc</subfield>
    <subfield code="c">BOOK</subfield>
    <subfield code="h">BR 85</subfield>
    <subfield code="i">.S2743 1974b</subfield>
  </datafield>
  <datafield tag="999" ind1=" " ind2=" ">
    <subfield code="c">1728</subfield>
    <subfield code="d">1728</subfield>
  </datafield>
  <datafield tag="952" ind1=" " ind2=" ">
    <subfield code="0">0</subfield>
    <subfield code="1">0</subfield>
    <subfield code="2">lcc</subfield>
    <subfield code="4">0</subfield>
    <subfield code="7">0</subfield>
    <subfield code="8">Books</subfield>
    <subfield code="a">AUA.1</subfield>
    <subfield code="b">AUA.1</subfield>
    <subfield code="c">GS</subfield>
    <subfield code="d">2011-10-13</subfield>
    <subfield code="e">Donation, Dr. Jan Paulsen</subfield>
    <subfield code="g">10.00</subfield>
    <subfield code="h">AUA002030</subfield>
    <subfield code="l">0</subfield>
    <subfield code="o">BR85 .S2743 1974</subfield>
    <subfield code="p">AUA002030</subfield>
    <subfield code="r">2011-10-13 00:00:00</subfield>
    <subfield code="v">10.00</subfield>
    <subfield code="w">2011-10-13</subfield>
    <subfield code="y">BOOK</subfield>
  </datafield>
</record>
